000 01122cam a2200385Ia 4500
001 88387
005 20230411090046.0
008 971125s1997 sp b 000 0 spa d
035 _a(OCoLC)ocm38017312
040 _aPL#
_bspa
_cPL#
_dFQG
_dJRK
_dBNM
019 _a41257361
020 _a8448302575 (pbk.)
020 _a9788448302573 (pbk.)
029 0 _aPL#
_b8448302575
035 _a(OCoLC)38017312
_z(OCoLC)41257361
090 _aJC571
_b.V25 1997
092 _a323
_bVALENCIA
049 _aGRAL
100 1 _aValencia Villa, Hernando,
_d1949-
245 1 4 _aLos derechos humanos /
_cHernando Valencia Villa.
260 _aMadrid :
_bAcento Editorial,
_c1997.
300 _a95 p. ;
_c20 cm.
440 0 _aFlash ;
_v67
504 _aIncludes bibliographical references (p. 94-95).
650 0 _aHuman rights.
650 0 _aCivil rights.
653 _aDerechos civiles.
650 4 _aDerechos humanos.
650 7 _aDerechos civiles.
_2bidex
650 7 _aDerechos humanos.
_2embne
938 _aPuvill Libros
_bPUVL
_n8448302575
_c$3.78
942 _2lcc
_cbk
994 _aC0
_bDRFGD
946 _almm
999 _c111752
_d111752